Historia de Sollana / (Record no. 110176)

MARC details
000 -LEADER
campo de control de longitud fija 00520nam a2200169 4500
001 - NÚMERO DE CONTROL
campo de control 110176
003 - IDENTIFICADOR DE NÚMERO DE CONTROL
campo de control ES-MaACL
007 - CAMPO FIJO DE DESCRIPCIÓN FÍSICA--INFORMACIÓN GENERAL
campo de control de longitud fija t|
008 - DATOS DE LONGITUD FIJA--INFORMACIÓN GENERAL
campo de control de longitud fija 061121s1982 sp r ||||1| spa d
100 1# - ENTRADA PRINCIPAL--NOMBRE DE PERSONA
Nombre de persona Moleres Ibor, Juan.
9 (RLIN) 81851
245 10 - MENCIÓN DEL TÍTULO
Título Historia de Sollana /
Mención de responsabilidad, etc. Juan Moleres Ibor.
260 ## - PUBLICACIÓN, DISTRIBUCIÓN, ETC.
Lugar de publicación, distribución, etc. Sollana [Valencia] :
Nombre del editor, distribuidor, etc. Ayuntamiento,
Fecha de publicación, distribución, etc. 1982.
300 ## - DESCRIPCIÓN FÍSICA
Extensión 451 p. :
Otras características físicas il. ;
Dimensiones 24 cm +
Material acompañante/anejo 3 plan. pleg.
651 #4 - PUNTO DE ACCESO ADICIONAL DE MATERIA--NOMBRE GEOGRÁFICO
Nombre geográfico Sollana-
Subdivisión general Historia.
9 (RLIN) 9404
710 2# - ENTRADA AGREGADA--NOMBRE DE ENTIDAD CORPORATIVA
Nombre de entidad corporativa o nombre de jurisdicción como elemento de entrada Sollana.
Unidad subordinada Ayuntamiento.
9 (RLIN) 6877
852 ## - LOCALIZACIÓN
Ubicación ES-MaACL
Número de control de estantería L-4617
Sublocalización o colección R.105443
Holdings
Estatus retirado Estado de pérdida Estado de daño No para préstamo Biblioteca de origen Biblioteca actual Ubicación en estantería Fecha de adquisición Fuente de adquisición Total de préstamos Signatura topográfica completa Código de barras Visto por última vez Precio de reemplazo Tipo de ítem Koha
        Biblioteca del Ateneo de Madrid Biblioteca del Ateneo de Madrid Depósito 2 17/01/2008     L-4617 1114946 23/02/2023 23/02/2023 Libro impreso